00297nam a2200073 4500100002200000245015300022260002600175650002200201 aLahiruni,W.M.L.B. aChemical Aspects of Chronic Kidney Disease (CKD) in Sri Lanka Medical Tests for CKD and Detection Methods for Heavy Metals in Water related to CKD u aColombobICHEMCc2016 a Kidney Disease